Rossijskij ekonomičeskij žurnal Ježemesjačnoje naučno-praktičeskoje izdanije
Gespeichert in:
| Format: | Schriftenreihe |
|---|---|
| Sprache: | Russisch |
| Veröffentlicht: |
Moskva
Finansy i statistika
1992
|
| Schlagworte: | |
| Tags: |
Keine Tags, Fügen Sie das erste Tag hinzu!
|
MARC
| LEADER | 00000nas2a2200000 4500 | ||
|---|---|---|---|
| 001 | s016431 | ||
| 005 | 20041019155331.2 | ||
| 022 | |a 0130-9757 | ||
| 041 | 0 | |a rus | |
| 044 | |a RU | ||
| 245 | 1 | 0 | |a Rossijskij ekonomičeskij žurnal |b Ježemesjačnoje naučno-praktičeskoje izdanije |
| 264 | 1 | |a Moskva |b Finansy i statistika |c 1992 | |
| 300 | |a 2 zv. | ||
| 773 | 0 | |w eu_un_cat*s120693 | |
| 610 | 2 | 0 | |a ekonómia |
| 610 | 2 | 0 | |a teórie ekonomické |